[Event "WIO (Open)"]
[Site "Boise, ID"]
[Date "2006.12.09"]
[Round "2.5"]
[White "Nahlen, John P"]
[Black "Stark, Jim"]
[Result "1-0"]
[WhiteElo "1363"]
[BlackElo "1450"]

1. e4 c6 2. d4 d5 3. Nc3 dxe4 4. Nxe4 Bf5 5. Ng3 Bg6 6. Nf3 e6 7. Bf4 Nd7 8.
c4 Bb4+ 9. Bd2 Bxd2+ 10. Qxd2 Ne7 11. Be2 O-O 12. h4 h6 13. Nh2 f5 14. Bh5 Nf6
15. Bf3 Qe8 16. Qe3 Qf7 17. Ne2 Rae8 18. Rg1 Bh5 19. g4 fxg4 20. Nxg4 Nxg4 21.
Bxg4 Bxg4 22. Rxg4 Nf5 23. Qf4 Qh5 24. Qe4 Nd6 25. Qg2 Re7 26. c5 Ref7 27. f4
Nc4 28. Kf2 Qd5 29. Qh3 Nxb2 30. Rag1 Qe4 31. Qg3 Qh7 32. Rg6 Nc4 33. h5 e5
34. Qc3 Rxf4+ 35. Nxf4 Rxf4+ 36. Kg2 Rxd4 37. Qh3 Rf4 38. Qe6+ Kh8 39. Kh3
Rf3+ 40. Kh2 Rf2+ 41. Kh1 Rf6 42. Rxf6 gxf6 43. Qe8+ {#r} 1-0

[Event "WIO (Open)"]
[Site "Boise, ID"]
[Date "2006.12.09"]
[Round "3.4"]
[White "Shouse, Donald L"]
[Black "Stark, Jim"]
[Result "0-1"]
[WhiteElo "1211"]
[BlackElo "1450"]

1. e4 c6 2. Nc3 d5 3. d4 dxe4 4. Nxe4 Bf5 5. f3 Bxe4 6. fxe4 e6 7. Nf3 Qc7 8.
e5 Nd7 9. Bf4 h6 10. Bc4 O-O-O 11. Qe2 Nb6 12. Bb3 Nd5 13. Bg3 Bb4+ 14. Kf2 g5
15. a3 Ba5 16. c3 Nde7 17. Bc2 Nf5 18. Bxf5 exf5 19. h3 f4 20. Bh2 Ne7 21. b4
Bb6 22. Rhd1 Nd5 23. Rd3 Rhe8 24. g3 fxg3+ 25. Bxg3 Qd7 26. Rh1 Qf5 27. Kg2 f6
28. Rf1 Qe6 29. Nh2 f5 30. Qf3 f4 31. Bf2 Ne7 32. Ng4 Nf5 33. Nf6 Qa2 34. Nxe8
Nh4+ 35. Kg1 Nxf3+ 36. Rxf3 Rxe8 37. h4 Qxa3 38. Kg2 Qa2 39. Kg1 Qg8 40. Kh2
Rf8 41. Be3 Bd8 42. Bd2 Be7 43. Rg1 Qd5 44. Rff1 b6 45. Ra1 Kb7 46. Rab1 Qa2
47. Rgd1 f3 48. Kg3 Qd5 49. Rf1 Qe4 50. Rh1 f2 51. Rbf1 Qf3+ 52. Kh2 g4 53.
Be1 Qh3# 0-1

[Event "WIO (Open)"]
[Site "Boise, ID"]
[Date "2006.12.10"]
[Round "4.4"]
[White "Stark, Jim"]
[Black "Gilton, Terry L"]
[Result "1-0"]
[WhiteElo "1450"]
[BlackElo "1626"]

1. d4 d5 2. c4 Nf6 3. Nf3 c6 4. Nc3 Bf5 5. e3 e6 6. h3 Be7 7. cxd5 exd5 8. Be2
O-O 9. O-O Nbd7 10. a3 Bd6 11. Bd3 Bxd3 12. Qxd3 Re8 13. Nd2 Qc7 14. f4 a6 15.
b4 b5 16. g4 h6 17. Rf3 Re7 18. Qc2 Rae8 19. Nf1 Nf8 20. Qg2 Ng6 21. Qf2 Ne4
22. Qe1 Nxc3 23. Qxc3 Nh4 24. Rf2 g5 25. Bd2 f6 26. Nh2 Re4 27. Nf3 Nxf3+ 28.
Rxf3 gxf4 29. exf4 Bxf4 30. Bxf4 Rxf4 31. Raf1 Ree4 32. Rxf4 Rxf4 33. Rxf4
Qxf4 34. Qd3 Kg7 35. Kg2 Qe4+ 36. Qxe4 dxe4 37. Kg3 Kf7 38. Kf4 Ke6 39. Kxe4
Kd6 40. Kf5 Kd5 41. Kxf6 Kxd4 42. Kg6 c5 43. bxc5 Kxc5 44. Kxh6 b4 45. axb4+
Kxb4 46. g5 a5 47. g6 a4 48. g7 {#r} 1-0

[Event "Idaho Closed"]
[Site "Boise, ID"]
[Date "2007.02.17"]
[Round "1.17"]
[White "Stark, Jim"]
[Black "Warwick, Jacob E"]
[Result "1-0"]
[WhiteElo "1454"]
[BlackElo "287"]

1. d4 d5 2. c4 dxc4 3. e3 Nf6 4. Bxc4 a6 5. a4 Bf5 6. Nc3 e6 7. Nf3 Bb4 8. O-O
Bxc3 9. bxc3 O-O 10. h3 Ne4 11. Bb2 Nd6 12. Bb3 Be4 13. c4 Bxf3 14. Qxf3 Nc6
15. Qg4 g6 16. Qf4 Na5 17. Ba2 Naxc4 18. Bc3 b5 19. axb5 axb5 20. Bb3 Rxa1 21.
Rxa1 f5 22. Qh6 Nf7 23. Qf4 g5 24. Qg3 Qd6 25. Qf3 f4 26. Bxc4 bxc4 27. Qb7
Nd8 28. Qb5 Qd5 29. Qa6 fxe3 30. fxe3 Nb7 31. Re1 Nd6 32. Ra1 Ra8 33. Qxa8+
Qxa8 34. Rxa8+ Kf7 35. Bb4 Ne4 36. Ra7 {#r} 1-0

[Event "Idaho Closed"]
[Site "Boise, ID"]
[Date "2007.02.17"]
[Round "2.5"]
[White "Taylor, Daniel A"]
[Black "Stark, Jim"]
[Result "1/2-1/2"]
[WhiteElo "1866"]
[BlackElo "1454"]

1. e4 c6 2. d4 d5 3. e5 Bf5 4. g4 Bg6 5. h4 h6 6. h5 Bh7 7. e6 fxe6 8. Bd3 Nf6
9. Bxh7 Nxh7 10. Qd3 Qc7 11. Qg6+ Kd8 12. Nf3 Nd7 13. Qxe6 Nhf6 14. Nh4 c5 15.
Ng6 Rg8 16. dxc5 Qxc5 17. c3 Qc4 18. f3 Nc5 19. Qe3 Nd3+ 20. Kd2 Nxc1 21. Kxc1
Qc7 22. Na3 a6 23. Nc2 Rc8 24. Nd4 Ke8 25. Ne6 Qd6 26. Re1 d4 27. Nxd4 Nd5 28.
Qe6 Qxe6 29. Nxe6 Kf7 30. Nexf8 Rgxf8 31. Nxf8 Kxf8 32. Re4 Rc6 33. Kc2 Rf6
34. Rd1 Rd6 35. Rde1 Rf6 36. Re5 Rd6 37. a3 b5 38. Re6 Kf7 39. Rxd6 exd6 40.
Kd3 Nf6 41. Kd4 d5 42. Re5 g5 43. Rxd5 Nxd5 44. Kxd5 Kf6 45. Kd6 Kf7 46. b3 a5
47. c4 a4 48. bxa4 bxc4 49. a5 c3 50. a6 c2 51. a7 c1=Q 52. a8=Q Qf4+ 53. Kc5
Qe3+ 54. Kb4 Qd4+ 55. Kb3 Qd3+ 56. Kb2 Qd2+ 57. Kb1 Qd1+ 58. Kb2 Qd2+ 59. Kb3
Qd3+ 60. Kb4 Qd4+ 61. Kb5 Qd3+ 62. Kb6 Qe3+ 63. Kc7 Qe7+ 64. Kb6 Qe3+ 65. Kb5
Qd3+ 66. Kc5 Qe3+ 67. Kc4 Qe2+ 68. Kd4 Qd2+ 69. Ke4 Qe2+ 70. Kd4 Qd2+ 71. Kc4
Qc2+ 72. Kd5 Qd3+ 73. Ke5 Qc3+ 74. Ke4 Qc4+ 75. Ke3 Qc3+ {#d} 1/2-1/2

[Event "Idaho Closed"]
[Site "Boise, ID"]
[Date "2007.02.19"]
[Round "5.11"]
[White "Matteson, Chris L"]
[Black "Stark, Jim"]
[Result "0-1"]
[WhiteElo "957"]
[BlackElo "1454"]

1. e4 c6 2. Nc3 d5 3. exd5 cxd5 4. Qf3 Nf6 5. d4 Nc6 6. Bb5 a6 7. Ba4 Bg4 8.
Qd3 e6 9. Bg5 b5 10. Nxb5 axb5 11. Qxb5 Rxa4 12. Qxc6+ Qd7 13. Qb6 Be7 14. f3
Bf5 15. Qb3 Rxd4 16. Ne2 Rb4 17. Qa3 O-O 18. Qc3 Rc4 19. Qe5 Qc7 20. Qe3 Rxc2
21. O-O Bc5 22. Nd4 e5 23. Kh1 Bxd4 24. Qb3 Rb8 25. Qa4 Bd7 26. Qa6 Bb5 27.
Qa3 Bxf1 28. Rxf1 h6 29. Be3 Bxe3 30. Qxe3 d4 31. Qe1 Rbxb2 32. Qa1 Rxg2 33.
Qxb2 Rxb2 34. a4 Qc2 {#R} 0-1

[Event "Idaho Closed"]
[Site "Boise, ID"]
[Date "2007.02.19"]
[Round "6.7"]
[White "Myers, Hugh S"]
[Black "Stark, Jim"]
[Result "0-1"]
[WhiteElo "1679"]
[BlackElo "1454"]

1. e4 c6 2. f4 d5 3. e5 e6 4. Nf3 h6 5. Be2 Nd7 6. d4 c5 7. c3 cxd4 8. cxd4
Bb4+ 9. Nc3 Ne7 10. O-O O-O 11. g4 Ng6 12. Qe1 Be7 13. Bd3 Nh4 14. Qg3 Nxf3+
15. Rxf3 Bh4 16. Qh3 g5 17. f5 Qb6 18. Ne2 Nxe5 {#R} 0-1

[Event "WIO (Open)"]
[Site "Caldwell, ID"]
[Date "2008.05.24"]
[Round "1.1"]
[White "Stark, Jim"]
[Black "Patterson, Emily N"]
[Result "0-1"]
[WhiteElo "1547"]
[BlackElo "1413"]

1. d4 e6 2. c4 Bb4+ 3. Nc3 Nf6 4. a3 Bxc3+ 5. bxc3 O-O 6. e3 b6 7. Nf3 c5 8.
Bd3 Nc6 9. O-O d6 10. Qc2 h6 11. Rd1 Qe7 12. Nd2 Bb7 13. Ne4 Nxe4 14. Bxe4 Qg5
15. f4 Qe7 16. d5 Na5 17. Bd3 Kh8 18. e4 Rfe8 19. Rb1 Qh4 20. Rf1 Ba6 21. Qe2
Qe7 22. Rf3 exd5 23. cxd5 Bxd3 24. Qxd3 Qxe4 25. Qxe4 Rxe4 26. g3 Rae8 27. Bd2
Nc4 28. Bc1 Re1+ 29. Rf1 Rxf1+ 30. Kxf1 Ne3+ 31. Bxe3 Rxe3 32. Re1 Rxc3 33.
Re7 Rxa3 34. Rxf7 c4 35. Rd7 c3 36. Rxd6 c2 {#R} 0-1

[Event "WIO (Open)"]
[Site "Caldwell, ID"]
[Date "2008.05.24"]
[Round "2.4"]
[White "Wong, Vanessa Wonyee"]
[Black "Stark, Jim"]
[Result "0-1"]
[WhiteElo "1086"]
[BlackElo "1547"]

1. e4 c6 2. d4 d5 3. e5 Bf5 4. Nf3 e6 5. Nc3 Nd7 6. Bf4 Ne7 7. g3 h6 8. Bg2
Qc7 9. Qe2 O-O-O 10. O-O g5 11. Bd2 a6 12. a3 c5 13. Rfc1 Bg4 14. b3 Bxf3 15.
Qxf3 cxd4 16. Na2 Nxe5 17. Qe2 N7c6 18. Qe1 Bxa3 19. Rcb1 Be7 20. Bb4 Nxb4 21.
Nxb4 Bxb4 22. Qxb4 Nc6 23. Qd2 Kd7 24. c3 dxc3 25. Qxc3 Qe5 26. Qf3 Ke7 27.
Re1 Qd6 28. Rab1 Nb4 29. Qe2 Rc8 30. Rb2 Rc3 31. Rd1 Rhc8 32. Qd2 Rd3 33. Qe2
Rxd1+ 34. Qxd1 Rc3 35. Qe1 Qc5 36. Rb1 Nd3 37. Qf1 Rc1 38. Rxc1 Qxc1 39. Qxc1
Nxc1 40. b4 Nd3 41. h4 Nxb4 42. Kf1 a5 43. Ke1 Kd6 44. Bf1 Kc5 45. Be2 f6 46.
f3 e5 47. Kd1 d4 48. Kd2 a4 49. Kc1 d3 50. Bf1 Kd4 51. Kb2 b5 52. Ka3 Nc2+ 53.
Kb2 b4 54. hxg5 hxg5 55. f4 gxf4 56. gxf4 e4 57. f5 e3 58. Kc1 Kc3 59. Kd1 e2+
60. Bxe2 dxe2+ 61. Kxe2 a3 62. Kf3 a2 63. Kg4 a1=Q 64. Kh5 Qg1 65. Kh4 b3 66.
Kh5 b2 67. Kh4 b1=Q 68. Kh5 Qb8 69. Kh6 Qh8# 0-1

[Event "Idaho Closed"]
[Site "Twin Falls, ID"]
[Date "2009.02.14"]
[Round "1.12"]
[White "Stark, Jim"]
[Black "Min, Michael"]
[Result "1-0"]
[WhiteElo "1518"]
[BlackElo "360"]

1. d4 d5 2. c4 c6 3. Nf3 dxc4 4. e3 e6 5. Bxc4 Bb4+ 6. Bd2 Bxd2+ 7. Nbxd2 Nf6
8. O-O O-O 9. a4 Bd7 10. b4 b5 11. axb5 cxb5 12. Bb3 Nc6 13. Rb1 Nxb4 14. Bxe6
Bxe6 15. Rxb4 Bd7 16. Ne5 Be8 17. Qf3 Qe7 18. Rb2 Qc7 19. Qxa8 Bd7 20. Qf3 Qd6
21. Nxd7 Qxd7 22. Nb3 h5 23. h3 Qe7 24. Nc5 Qd6 25. Rxb5 g5 26. Ne4 Qe6 27.
Nxf6+ Kg7 28. Nxh5+ Kg8 29. Qf6 Qxf6 30. Nxf6+ Kg7 31. Nh5+ Kg8 32. Rxg5+ Kh7
33. Ra5 Ra8 34. Rfa1 Rf8 35. Rxa7 Kg8 36. d5 Rd8 37. Nf6+ Kf8 38. Rd1 Kg7 39.
Ng4 Kg6 40. Ne5+ Kg7 41. Rxf7+ Kg8 42. d6 Kh8 43. d7 Kg8 44. Rc1 Kh8 45. Rc8
Rxc8 46. dxc8=Q# 1-0

[Event "Idaho Closed"]
[Site "Twin Falls, ID"]
[Date "2009.02.14"]
[Round "2.1"]
[White "Parsons, Larry R"]
[Black "Stark, Jim"]
[Result "1-0"]
[WhiteElo "2015"]
[BlackElo "1524"]

1. c4 Nf6 2. g3 c6 3. Nf3 d5 4. b3 Nbd7 5. Bb2 e6 6. Bg2 Bd6 7. d4 Bb4+ 8.
Nfd2 Be7 9. O-O O-O 10. Nc3 h6 11. Qc2 Nh7 12. e4 dxe4 13. Ndxe4 f5 14. Nd2
Ndf6 15. Nf3 Bd6 16. Rad1 Bd7 17. Ne5 Be8 18. f4 Rc8 19. Rfe1 g5 20. Bf3 gxf4
21. gxf4 Rc7 22. Qe2 Rg7+ 23. Kh1 Bxe5 24. dxe5 Ng4 25. Rxd8 {#r} 1-0

[Event "Idaho Closed"]
[Site "Twin Falls, ID"]
[Date "2009.02.15"]
[Round "3.5"]
[White "Stark, Jim"]
[Black "Abderhalden, Richard Robert"]
[Result "1-0"]
[WhiteElo "1524"]
[BlackElo "1440"]

1. d4 d6 2. Nf3 Nf6 3. c4 Bf5 4. Nc3 g6 5. e3 Bg7 6. Be2 O-O 7. O-O Nc6 8. a3
e5 9. d5 Ne7 10. h3 c6 11. Nh2 Qc7 12. g4 Bd7 13. e4 a6 14. Be3 b5 15. Rc1
cxd5 16. cxd5 Qb7 17. Qd2 b4 18. axb4 Qxb4 19. f3 Nc8 20. Ra1 a5 21. Nb1 Qb3
22. Qc3 Qb7 23. Nd2 a4 24. Nc4 Qb8 25. Rfb1 Na7 26. Nb6 Nb5 27. Bxb5 Bxb5 28.
Nxa8 Qxa8 29. Rc1 Qa6 30. b3 a3 31. Ra2 {#r} 1-0

[Event "Idaho Closed"]
[Site "Twin Falls, ID"]
[Date "2009.02.15"]
[Round "4.4"]
[White "Patterson, Emily N"]
[Black "Stark, Jim"]
[Result "0-1"]
[WhiteElo "1513"]
[BlackElo "1524"]

1. f4 d5 2. Nf3 c5 3. b3 Nc6 4. Bb2 Bf5 5. e3 a6 6. Be2 h6 7. O-O e6 8. d3 Nf6
9. h3 Be7 10. Nbd2 b5 11. Qe1 Qb6 12. c4 Nb4 13. Qb1 Rg8 14. Ne5 g5 15. g4
gxf4 16. exf4 h5 17. g5 Bxh3 18. Rf2 Ng4 19. Bxg4 hxg4 20. Kh2 f6 21. Nxg4
Bxg4 22. gxf6 Bd6 23. Be5 Bf5 24. cxd5 Nxd5 25. Bxd6 Qxd6 26. Qe1 Nxf4 27. Ne4
Bxe4 28. Qxe4 Nxd3+ 29. Kh3 Nxf2+ {#R} 0-1

[Event "Idaho Closed"]
[Site "Twin Falls, ID"]
[Date "2009.02.16"]
[Round "5.3"]
[White "Stark, Jim"]
[Black "Anderson, Mark"]
[Result "1/2-1/2"]
[WhiteElo "1524"]
[BlackElo "1620"]

1. d4 d5 2. c4 c6 3. Nf3 Nf6 4. Nc3 e6 5. e3 Bd6 6. cxd5 exd5 7. Be2 O-O 8.
O-O Ne4 9. h3 f5 10. Nh2 Qg5 11. f4 Qe7 12. Nxe4 Qxe4 13. Nf3 Qe7 14. Ne5 Nd7
15. Bd2 Nf6 16. Bd3 Be6 17. Be1 Ne4 18. Kh2 Bf7 19. Bxe4 fxe4 20. Nxf7 Rxf7
21. Kh1 Raf8 22. h4 Kh8 23. g4 Qd7 24. Kg2 Kg8 25. Bg3 Qc7 26. Qe2 h6 27. g5
Rf5 28. Qg4 Kh7 29. Rf2 Qf7 30. Raf1 h5 31. Qd1 g6 32. Qa4 a6 33. Qc2 Qc7 34.
b3 R8f7 35. a4 Qb6 36. Re2 Rc7 37. Qb2 c5 38. Rc1 cxd4 39. Rxc7+ Bxc7 40. Qxd4
Qxd4 41. exd4 Kg7 42. Re1 Kf8 43. Rf1 Ke7 44. Bh2 Ke6 45. Kg3 Rf7 46. Bg1 Kf5
47. Be3 Bd6 48. Rc1 Rc7 49. Rxc7 Bxc7 50. Bd2 Bd6 51. Be3 Bb4 52. Kh3 Bc3 53.
Kg3 Bb2 54. Kh3 Bxd4 55. Bxd4 Kxf4 56. Kg2 e3 57. Kf1 Ke4 58. Bb6 d4 59. Ke2
d3+ 60. Ke1 Kf3 61. Ba5 Kg4 62. Bb6 Kf3 63. Ba5 {#d} 1/2-1/2

[Event "Idaho Closed"]
[Site "Twin Falls, ID"]
[Date "2009.02.16"]
[Round "6.3"]
[White "Douglas, Kurt P"]
[Black "Stark, Jim"]
[Result "1/2-1/2"]
[WhiteElo "1707"]
[BlackElo "1524"]

1. e4 c6 2. d4 d5 3. Nc3 dxe4 4. Nxe4 Bf5 5. Ng3 Bg6 6. h4 h6 7. h5 Bh7 8. Nf3
e6 9. Bd3 Bxd3 10. Qxd3 Nd7 11. Bf4 Ngf6 12. O-O-O c5 13. dxc5 Bxc5 14. Be3
Bxe3+ 15. Qxe3 Qc7 16. Rh4 O-O 17. Kb1 Rfd8 18. Rhd4 Nb6 19. Rxd8+ Rxd8 20.
Rxd8+ Qxd8 21. Qd4 Qxd4 22. Nxd4 {#d} 1/2-1/2

[Event "SIO"]
[Site "Twin Falls, ID"]
[Date "2009.11.14"]
[Round "2.10"]
[White "Stark, Jim"]
[Black "Proferes, Aaron"]
[Result "1-0"]
[WhiteElo "1574"]
[BlackElo "845"]

1. d4 d5 2. c4 Nc6 3. Nc3 Nf6 4. Bg5 h6 5. Bxf6 exf6 6. cxd5 Nb4 7. e4 c6 8.
dxc6 Nxc6 9. Bb5 Qb6 10. d5 Bb4 11. Ba4 Qa5 12. Qb3 b5 13. dxc6 bxa4 14. Qc2
a3 15. Nge2 Ba6 16. O-O-O axb2+ 17. Kxb2 Bxe2 18. Nxe2 Ba3+ 19. Ka1 O-O 20.
Rd5 Qc7 21. Nd4 Rfd8 22. Nb5 Qb6 23. Rhd1 Be7 24. Rxd8+ Bxd8 25. c7 Bxc7 26.
Nxc7 Rc8 27. Rd7 Qb4 28. Qb3 Qe1+ 29. Rd1 Qxe4 30. Qd5 Qc2 31. Na6 Rc4 {(Black
missed that 31...Qc3+ 32.Kb1 Qc2+ is perpetual check.)} 32. Qd8+ Kh7 33. Qd3+
Qxd3 34. Rxd3 Rc2 35. Rf3 Rc4 36. Rb3 f5 37. Kb2 g5 38. Rb7 Kg6 39. Rxa7 h5
40. Rc7 Rd4 41. Rc6+ f6 42. Nc7 Rd8 43. a4 Rc8 44. a5 f4 45. a6 g4 46. a7 h4
47. a8=Q Rxa8 48. Nxa8 Kg5 49. Rc5+ f5 50. Rc3 f3 51. g3 hxg3 52. hxg3 Kf6 53.
Nc7 Ke5 54. Re3+ Kf6 55. Nd5+ Kg5 56. Ne7 Kf6 57. Nd5+ Kg5 58. Nf4 Kf6 59.
Re6+ Kf7 60. Kc3 Kg8 61. Kd4 Kf8 62. Ke5 Kf7 63. Kxf5 Kg7 64. Kxg4 Kf7 65.
Kxf3 Kg7 66. g4 Kf7 67. g5 Kf8 68. g6 Kg7 69. Kg4 Kh6 70. f3 Kg7 71. Kh5 Kh8
72. Kh6 Kg8 73. Re8# 1-0

[Event "SIO"]
[Site "Twin Falls, ID"]
[Date "2009.11.15"]
[Round "3.7"]
[White "Lang, Jamie"]
[Black "Stark, Jim"]
[Result "0-1"]
[WhiteElo "1221"]
[BlackElo "1574"]

1. e4 c6 2. Nc3 d5 3. exd5 cxd5 4. d4 Nf6 5. Bb5+ Bd7 6. Nf3 a6 7. Ba4 Bxa4 8.
Nxa4 Nbd7 9. Nc3 e6 10. Bg5 h6 11. Bh4 Bb4 12. O-O Bxc3 13. bxc3 Rc8 14. Rb1
Qc7 15. Bg3 Qc6 16. Ne5 Nxe5 17. Bxe5 b5 18. Qf3 Qxc3 19. Qxc3 Rxc3 20. Bxf6
gxf6 21. Rfc1 Ke7 22. Rb3 Rhc8 23. Rxc3 Rxc3 24. g3 e5 25. dxe5 fxe5 26. Re1
Kd6 27. Re2 f5 28. h4 e4 29. Re3 Rxc2 30. Ra3 Rc6 31. f3 h5 32. g4 fxg4 33.
fxg4 hxg4 34. Rg3 Rc1+ 35. Kf2 Rc2+ 36. Ke1 Rxa2 37. Rxg4 Rh2 38. Kf1 e3 39.
Rg6+ Kc5 40. Rh6 d4 41. h5 e2+ 42. Ke1 d3 43. Rh8 Rh1+ {#R} 0-1

[Event "SIO"]
[Site "Twin Falls, ID"]
[Date "2009.11.15"]
[Round "4.6"]
[White "Stark, Jim"]
[Black "Patterson, Emily N"]
[Result "1-0"]
[WhiteElo "1574"]
[BlackElo "1483"]

1. d4 e6 2. c4 Nf6 3. Nc3 Bb4 4. Bd2 O-O 5. a3 Bxc3 6. Bxc3 d5 7. e3 Nc6 8.
Nf3 b6 9. cxd5 Qxd5 10. Bd3 h6 11. O-O Bb7 12. Qc2 Ne7 13. Rfe1 Qh5 14. e4 Ng6
15. Qd1 Nh4 16. Nxh4 Qxh4 17. g3 Qg4 18. Qxg4 Nxg4 19. e5 h5 20. h3 Nh6 21.
Be2 g6 22. Rac1 Rfd8 23. g4 hxg4 24. hxg4 Kg7 25. Kh2 Rh8 26. Kg3 g5 27. f3
Ng8 28. Rh1 Ne7 29. Rxh8 Rxh8 30. Bd2 Nd5 31. Bxg5 f6 32. exf6+ Nxf6 33. Rxc7+
Kg6 34. Bxf6 Kxf6 35. Rxb7 Rd8 36. b3 Rxd4 37. a4 Rb4 38. Bc4 {#r} 1-0

[Event "Idaho Closed"]
[Site "Boise, ID"]
[Date "2010.02.13"]
[Round "1.15"]
[White "Min, Kathy"]
[Black "Stark, Jim"]
[Result "0-1"]
[WhiteElo "868"]
[BlackElo "1563"]

1. e4 d6 2. Nf3 Nf6 3. Nc3 g6 4. Bc4 Nc6 5. d4 e6 6. Bg5 Be7 7. Bh6 b6 8. O-O
Bf8 9. Bg5 h6 10. Bb5 Bd7 11. Bxf6 Qxf6 12. Qe2 Nxd4 13. Nxd4 Qxd4 14. Bxd7+
Kxd7 15. h3 a6 16. Qd3 Qxd3 17. cxd3 Bg7 18. f4 f5 19. exf5 gxf5 20. g4 fxg4
21. hxg4 Rag8 22. Rac1 Bd4+ 23. Kg2 Rxg4+ 24. Kf3 h5 25. Ne4 Rf8 26. Ke2 Rfxf4
27. Rh1 h4 28. b4 Rg2+ 29. Ke1 Rxa2 30. Rh3 Rg4 31. Rc4 Rg1# 0-1

[Event "Idaho Closed"]
[Site "Boise, ID"]
[Date "2010.02.13"]
[Round "2.1"]
[White "Stark, Jim"]
[Black "Parsons, Larry R"]
[Result "0-1"]
[WhiteElo "1563"]
[BlackElo "2000"]

1. d4 g6 2. c4 Nf6 3. Nc3 Bg7 4. e4 O-O 5. Nf3 d6 6. Be2 e5 7. dxe5 dxe5 8.
Qxd8 Rxd8 9. O-O Re8 10. Nd5 Nxd5 11. cxd5 c6 12. dxc6 Nxc6 13. Bd2 Bg4 14. h3
Bxf3 15. Bxf3 Nd4 16. Bd1 Rac8 17. Rc1 Rxc1 18. Bxc1 Rd8 19. b3 f5 20. exf5
gxf5 21. f3 Kf7 22. g4 f4 23. Re1 Kf6 24. h4 Bf8 25. Kg2 Bb4 26. Rf1 Bc3 27.
a4 Rd6 28. Ba3 Rc6 29. h5 b5 30. Kf2 b4 31. Bc1 Be1+ 32. Rxe1 Rxc1 33. Be2
Rxe1 34. Kxe1 Nxb3 35. Bd1 Nc5 36. Kd2 h6 37. Kc1 Kg5 38. Kb2 a5 39. Be2 Nxa4+
40. Kb3 Nc3 41. Ba6 e4 42. fxe4 Nxe4 {#R} 0-1

[Event "Idaho Closed"]
[Site "Boise, ID"]
[Date "2010.02.14"]
[Round "4.15"]
[White "Stark, Jim"]
[Black "Patterson, Katie Rae"]
[Result "1-0"]
[WhiteElo "1563"]
[BlackElo "978"]

1. d4 d5 2. c4 Nf6 3. Nc3 e6 4. e3 Bb4 5. Bd2 Bxc3 6. Bxc3 O-O 7. cxd5 Nxd5 8.
Bd2 Re8 9. Nf3 Nc6 10. Bb5 Bd7 11. O-O Ncb4 12. Be2 a6 13. e4 Bb5 14. Bxb5
axb5 15. exd5 Nxd5 16. a3 b6 17. Qc2 Rc8 18. Ng5 Nf6 19. Nf3 c5 20. dxc5 Rxc5
21. Qb3 Qc7 22. Rac1 Rxc1 23. Rxc1 Qd6 24. Bc3 Qf4 25. Bd2 Qd6 26. Qxb5 Ne4
27. Qxe8+ Qf8 28. Rc8 Qxe8 29. Rxe8# 1-0

[Event "Idaho Open"]
[Site "Pocatello, ID"]
[Date "2010.05.01"]
[Round "1.2"]
[White "Buckendorf Jr., Glen"]
[Black "Stark, Jim"]
[Result "0-1"]
[WhiteElo "1800"]
[BlackElo "1557"]

1. e4 c6 2. d4 d5 3. e5 Bf5 4. Nf3 e6 5. Nc3 Nd7 6. Be2 c5 7. dxc5 Bxc5 8. O-O
Ne7 9. Bg5 h6 10. Bh4 Qc7 11. Nb5 Qb6 12. c3 Ng6 13. Bg3 a6 14. Nbd4 O-O 15.
Nxf5 exf5 16. b4 Be7 17. Qxd5 Rad8 18. Qb3 f4 19. e6 Qxe6 20. Bc4 Qb6 21. Bxf4
Nxf4 22. Rfe1 Bf6 23. Re4 Qc7 24. Rae1 Ng6 25. h4 b5 26. Bf1 Qxc3 27. Qb1 Qb2
28. Qxb2 Bxb2 29. h5 Nh8 30. a4 bxa4 31. Bxa6 a3 32. Bc4 Nb6 33. Ba2 Nd5 34.
Ne5 Bxe5 35. Rxe5 Nxb4 36. Ra1 Nxa2 37. Rxa2 Rd1+ 38. Kh2 Ra8 39. Re3 Rd5 40.
g4 Rda5 41. Kg3 f6 42. f4 Nf7 43. Kf3 Nd6 44. Rd3 Nb5 45. Kf2 Rc8 46. Rd5 Rca8
47. Rc5 Kf7 48. g5 hxg5 49. fxg5 fxg5 50. Kg3 Nd4 51. Kg4 Rxc5 {#R} 0-1

[Event "Idaho Open"]
[Site "Pocatello, ID"]
[Date "2010.05.01"]
[Round "2.2"]
[White "Stark, Jim"]
[Black "Abderhalden, Katherine Louise"]
[Result "0-1"]
[WhiteElo "1557"]
[BlackElo "1697"]

1. d4 d5 2. c4 e6 3. Nf3 f5 4. e3 Nf6 5. cxd5 exd5 6. Bd3 c6 7. O-O Bd6 8. Bd2
O-O 9. Qb3 b6 10. Bb4 c5 11. dxc5 bxc5 12. Bc3 c4 13. Bxc4 dxc4 14. Qxc4+ Kh8
15. b4 Bb7 16. Ng5 Qe7 17. Ne6 Rc8 18. Qb3 Nc6 19. Ng5 h6 20. Nf7+ Kh7 21.
Nxd6 Qxd6 22. Rd1 Qe7 23. Nd2 Ne5 24. Bxe5 Qxe5 25. Nf3 Qe8 26. h3 Qh5 27. Nh2
Qg5 28. f3 Re8 29. Kf2 Re7 30. Rd3 Rae8 31. Re1 Qh4+ 32. Kf1 Qg3 33. Qb1 Qxh2
34. Kf2 Qe5 35. g4 Qh2+ {#R} 0-1

[Event "Idaho Open"]
[Site "Pocatello, ID"]
[Date "2010.05.02"]
[Round "4.3"]
[White "Stark, Jim"]
[Black "Kircher, Caleb Paul"]
[Result "1/2-1/2"]
[WhiteElo "1557"]
[BlackElo "1623"]

1. d4 Nf6 2. c4 g6 3. Nc3 Bg7 4. e4 d6 5. Nf3 O-O $2 6. Be2 c5 7. d5 e6 8. O-O
$2 exd5 9. cxd5 Re8 10. Qc2 a6 11. a4 a5 12. Bb5 Bd7 13. Re1 Ng4 14. Bxd7 Qxd7
15. Bf4 Na6 16. Nb5 Nb4 17. Qb3 Ra6 18. Re2 f6 19. h3 Ne5 20. Nxe5 fxe5 21.
Bd2 Rf8 22. Bxb4 axb4 23. Re3 Raa8 24. Rf3 Rf4 25. Re1 g5 26. Ree3 Bf8 27. Qc2
Be7 28. b3 Raf8 29. Qd3 Kh8 30. Rxf4 exf4 31. Rf3 Bf6 32. Qe2 Be5 33. Rd3 Rg8
34. Qg4 Qxg4 35. hxg4 Rg7 36. f3 b6 37. Kf1 Rb7 38. Ke2 Kg7 39. Rd1 Rd7 40.
Rh1 h6 41. Kd3 Kg6 42. Kc4 Bg7 43. Rh3 Bf8 44. Rh1 Bg7 45. Re1 Be5 46. Re2 Kf6
47. Re1 Rh7 48. Rh1 {#d} 1/2-1/2

[Event "Idaho Open"]
[Site "Pocatello, ID"]
[Date "2010.05.02"]
[Round "5.4"]
[White "Abderhalden, Richard Robert"]
[Black "Stark, Jim"]
[Result "0-1"]
[WhiteElo "1487"]
[BlackElo "1557"]

1. e4 c6 2. d4 d5 3. Nc3 dxe4 4. Nxe4 Bf5 5. f3 e6 6. Ng3 Bg6 7. Bc4 Nd7 8.
N1e2 h6 9. Bf4 Ngf6 10. O-O Nb6 11. Bb3 c5 12. dxc5 Bxc5+ 13. Kh1 O-O 14. Nc3
a6 15. Qe1 Qc8 16. Be3 Bxe3 17. Qxe3 Nbd5 18. Nxd5 Nxd5 19. Bxd5 exd5 20. Qd4
Qc4 21. Qxc4 dxc4 22. c3 Rfe8 23. Rfe1 Rad8 24. Rxe8+ Rxe8 25. Rd1 Bc2 26. Rc1
b5 27. Kg1 Bd3 28. Kf2 Kf8 29. Re1 Rxe1 30. Kxe1 Ke7 31. Kd2 Bg6 32. Ke3 Bd3
33. Ne4 Bxe4 34. Kxe4 Ke6 35. g3 f5+ 36. Kd4 Kd6 37. f4 g5 38. fxg5 hxg5 39.
h4 gxh4 40. gxh4 Ke6 41. h5 Kf6 42. h6 Kg6 43. h7 Kxh7 44. Ke5 Kg6 {#R} 0-1

[Event "WIO (Open)"]
[Site "Boise, ID"]
[Date "2010.12.11"]
[Round "2.2"]
[White "Weyland, Phil"]
[Black "Stark, Jim"]
[Result "1-0"]
[WhiteElo "1864"]
[BlackElo "1611"]

1. d4 d5 2. c4 c6 3. cxd5 cxd5 4. Nc3 e6 5. Bf4 Nc6 6. e3 Nf6 7. Nf3 Be7 8.
Be2 O-O 9. O-O a6 10. a3 b6 11. b4 Bb7 12. Na4 Na7 13. Rc1 Nc8 14. Bc7 Qe8 15.
Nxb6 Nxb6 16. Bxb6 Nd7 17. Bc7 f6 18. Qb3 f5 19. a4 g5 20. b5 Qg6 21. bxa6
Bxa6 22. Bxa6 Rxa6 23. Qb5 g4 24. Nd2 Ra7 25. Qxd7 Bd8 26. Qd6 Bxc7 27. Rxc7
Rxa4 28. Re7 Re8 29. Nb3 Rxe7 30. Qxe7 Qf7 31. Qg5+ Kf8 32. Qd8+ Kg7 33. Nc5
Ra7 34. Qg5+ Kf8 35. Rb1 Re7 36. Rb8+ Re8 37. Qh6+ {#r} 1-0

[Event "WIO (Open)"]
[Site "Boise, ID"]
[Date "2010.12.11"]
[Round "3.4"]
[White "Stark, Jim"]
[Black "Stewart, David Wayne"]
[Result "1/2-1/2"]
[WhiteElo "1611"]
[BlackElo "1632"]

1. d4 d5 2. c4 dxc4 3. e3 c5 4. Bxc4 cxd4 5. Qxd4 Nc6 6. Qxd8+ Nxd8 7. Nf3 Nc6
8. Bd2 f6 9. O-O e5 10. Nc3 h5 11. Nb5 Rb8 12. Nc7+ Kd8 13. Ne6+ Bxe6 14. Bxe6
Bc5 15. Rfd1 Ke7 16. Bb3 g5 17. Bc3 h4 18. h3 Nh6 19. Rd5 Bb4 20. Rad1 Rbd8
21. Rb5 Rxd1+ 22. Bxd1 Bxc3 23. Rxb7+ Kd6 24. bxc3 Rb8 25. Rb3 Nf5 26. Bc2
Rxb3 27. axb3 Nfe7 28. b4 Nd5 29. b5 Na5 30. c4 Nxc4 31. Nh2 Na3 32. Bd3 Nc3
33. Ng4 Ke6 34. b6 axb6 35. e4 b5 36. Ne3 b4 37. Kf1 b3 38. Nc4 Nxc4 39. Bxc4+
Kd6 40. Bxb3 Kc5 {#d} 1/2-1/2